Van elég tégla kedvező fordulat /
Elmentve itt :
| Szerző: | |
|---|---|
| Dokumentumtípus: | Cikk |
| Megjelent: |
1968-10-29
|
| Sorozat: | Délmagyarország
58 No. 254 |
| Kulcsszavak: | Téglagyár, Téglagyártás Csongrád-Bács megye 1968 |
| Online Access: | http://dmarchiv.bibl.u-szeged.hu/66413 |
| LEADER | 00501nab a2200157 i 4500 | ||
|---|---|---|---|
| 001 | delm66413 | ||
| 005 | 20180927153705.0 | ||
| 008 | 180927s1968 hu o 0|| hun d | ||
| 040 | |a SZTE Délmagyarország Archívum |b hun | ||
| 041 | |a hun | ||
| 100 | 1 | |a Gazdagh István | |
| 245 | 1 | 0 | |a Van elég tégla |h [elektronikus dokumentum] : |b kedvező fordulat / |c Gazdagh István |
| 260 | |c 1968-10-29 | ||
| 300 | |a 1 | ||
| 490 | 0 | |a Délmagyarország |v 58 No. 254 | |
| 695 | |a Téglagyár, Téglagyártás Csongrád-Bács megye 1968 | ||